000 00753pam a2200241 a 4500
005 20260322212057.0
008 data
010 _a 89039170
020 _a0385298994 :
_c{dollar}12.95 ({dollar}15.95 Can.)
020 _a9780385298995 :
_c{dollar}12.95 ({dollar}15.95 Can.)
040 _aDLC
_cDLC
_dDLC
050 0 0 _aBF637.S4
_bG67 1990
082 0 0 _a158/.1
_220
092 _a158.1 G67 1990
100 1 _aGordon, Sol,
_d1923-
245 1 0 _aLife is uncertain-- eat dessert first! :
_bfinding the joy you deserve /
_cSol Gordon & Harold Brecher.
260 _aNew York, N.Y. :
_bDelacorte Press,
_cc1990.
300 _axv, 153 p. ;
_c19 cm.
650 0 _aSelf-actualization (Psychology)
650 0 _aJoy.
700 1 _aBrecher, Harold.
001 data
999 _c1373
_d1373